Rubber/fiber interactions during the tearing of rubber coated polyester fabrics (Record no. 68165)

MARC details
000 -LEADER
fixed length control field 00472nam a2200169Ia 4500
100 ## - MAIN ENTRY--AUTHOR NAME
Personal name Tao Z
245 #0 - TITLE STATEMENT
Title Rubber/fiber interactions during the tearing of rubber coated polyester fabrics
260 ## - PUBLICATION, DISTRIBUTION, ETC. (IMPRINT)
Name of publisher Rubber Chemistry and Technology
Year of publication 2005
300 ## - PHYSICAL DESCRIPTION
Number of Pages 199-210
650 ## - SUBJECT ADDED ENTRY--TOPICAL TERM
Topical Term Rubber/fiber interaction
650 ## - SUBJECT ADDED ENTRY--TOPICAL TERM
Topical Term Tearing behavior
700 ## - ADDED ENTRY--PERSONAL NAME
Personal name Chen J
700 ## - ADDED ENTRY--PERSONAL NAME
Personal name Mead J L
700 ## - ADDED ENTRY--PERSONAL NAME
Personal name Stacer R G
942 ## - ADDED ENTRY ELEMENTS (KOHA)
Koha item type Journals
Holdings
Withdrawn status Lost status Damaged status Not for loan Home library Current library Shelving location Date acquired Serial Enumeration / chronology Koha item type
      Journals RRII Library RRII Library Rubber chemistry 17/12/2021 Volume 78, Issue 2 Journals